Movies Quiz

Random Movies or Clickable Quiz
Score 0/15 Timer 02:00
0 Plays Today
% Correct
Queen Grimhilde
94.6%
Tic-Toc Croc
93.9%
Sarafina
93.2%
Jim Dear and Darling
92.6%
Shanti
87.2%
Razoul
83.8%
Chernabog
82.4%
Yen Sid
80.4%
% Correct
Humbert
80.4%
Flunkey
74.3%
James
70.9%
Hayabusa
68.2%
Florian
66.9%
Henry
56.1%
Fraud
55.4%
Remove Ads.
Support Sporcle.
Get the best of Sporcle when you Go Orange. This ad-free experience offers more features, more stats, and more fun while also helping to support Sporcle. Thank you for becoming a member.

You're not logged in!

Compare scores with friends on all Sporcle quizzes.
OR
Log In

Show Comments

Extras

Top Quizzes Today


Score Distribution

Your Account Isn't Verified!

In order to create a playlist on Sporcle, you need to verify the email address you used during registration. Go to your Sporcle Settings to finish the process.

Report this User

Report this user for behavior that violates our Community Guidelines.

Details: